[Event "MPJ C18"]
[Site "?"]
[Date "2016.03.16"]
[Round "5.7"]
[White "Wisniewski, Michal"]
[Black "Zylka, Stanislaw"]
[Result "1/2-1/2"]
[LiveChessVersion "1.4.8"]
[BlackElo "2180"]
[WhiteElo "2273"]

1. e4 {[%clk 1:25:05]} c5 {[%clk 1:30:56]} 2. Nf3 {[%clk 1:25:31]} Nc6
{[%clk 1:31:19]} 3. Bb5 {[%clk 1:25:57]} g6 {[%clk 1:31:37]} 4. Bxc6
{[%clk 1:26:22]} bxc6 {[%clk 1:31:59]} 5. O-O {[%clk 1:22:22]} Bg7
{[%clk 1:32:22]} 6. Re1 {[%clk 1:20:20]} Nf6 {[%clk 1:32:31]} 7. c3
{[%clk 1:19:28]} O-O {[%clk 1:32:47]} 8. d4 {[%clk 1:19:49]} d5 {[%clk 1:32:55]}
9. e5 {[%clk 1:06:51]} Ne4 {[%clk 1:32:14]} 10. Nbd2 {[%clk 1:07:10]} Nxd2
{[%clk 1:30:29]} 11. Bxd2 {[%clk 1:05:28]} Rb8 {[%clk 1:20:41]} 12. b3
{[%clk 1:01:16]} Qb6 {[%clk 1:13:35]} 13. Be3 {[%clk 0:59:28]} Qa5
{[%clk 1:06:31]} 14. Qd2 {[%clk 0:58:41]} Bg4 {[%clk 1:05:27]} 15. Ng5
{[%clk 0:46:55]} h6 {[%clk 0:54:59]} 16. h3 {[%clk 0:47:01]} Bh5 {[%clk 0:54:14]}
17. g4 {[%clk 0:44:51]} Bxg4 {[%clk 0:52:32]} 18. hxg4 {[%clk 0:45:15]} hxg5
{[%clk 0:52:51]} 19. Bxg5 {[%clk 0:45:41]} cxd4 {[%clk 0:43:53]} 20. cxd4
{[%clk 0:45:34]} Qxd2 {[%clk 0:31:12]} 21. Bxd2 {[%clk 0:46:01]} f6
{[%clk 0:30:54]} 22. Rac1 {[%clk 0:39:14]} fxe5 {[%clk 0:26:23]} 23. Rxc6
{[%clk 0:39:37]} e4 {[%clk 0:26:30]} 24. Be3 {[%clk 0:38:57]} Kf7
{[%clk 0:17:05]} 25. Ra6 {[%clk 0:29:50]} Rb4 {[%clk 0:15:32]} 26. Rd1
{[%clk 0:28:42]} Ra8 {[%clk 0:12:13]} 27. Kg2 {[%clk 0:27:13]} g5
{[%clk 0:04:34]} 28. f3 {[%clk 0:25:36]} exf3+ {[%clk 0:04:23]} 29. Kxf3
{[%clk 0:26:02]} Bf6 {[%clk 0:02:09]} 30. Ke2 {[%clk 0:19:07]} Rh8
{[%clk 0:01:31]} 31. Rxa7 {[%clk 0:18:37]} Rh2+ {[%clk 0:01:31]} 32. Kd3
{[%clk 0:18:53]} Rh3 {[%clk 0:01:51]} 33. Ra4 {[%clk 0:18:35]} Rxa4
{[%clk 0:01:37]} 34. bxa4 {[%clk 0:19:04]} e5 {[%clk 0:01:24]} 35. dxe5
{[%clk 0:19:12]} Bxe5 {[%clk 0:01:53]} 36. Ke2 {[%clk 0:19:02]} Ke6
{[%clk 0:01:16]} 37. Rd3 {[%clk 0:14:16]} Rg3 {[%clk 0:00:50]} 38. a5
{[%clk 0:13:45]} Rxg4 {[%clk 0:01:04]} 39. a3 {[%clk 0:11:29]} Ra4
{[%clk 0:01:12]} 40. Bxg5 {[%clk 0:41:55]} Rxa5 {[%clk 0:31:23]} 1/2-1/2

[Event "MPJ C18"]
[Site "?"]
[Date "2016.03.16"]
[Round "5.8"]
[White "Snihur, Piotr"]
[Black "Januszkiewicz, Wojciech"]
[Result "1/2-1/2"]
[LiveChessVersion "1.4.8"]
[BlackElo "1922"]
[WhiteElo "2271"]

1. d4 {[%clk 1:28:51]} Nf6 {[%clk 1:30:46]} 2. c4 {[%clk 1:29:13]} e6
{[%clk 1:30:32]} 3. Nf3 {[%clk 1:29:28]} Bb4+ {[%clk 1:30:54]} 4. Bd2
{[%clk 1:29:53]} Qe7 {[%clk 1:28:22]} 5. g3 {[%clk 1:30:07]} Nc6 {[%clk 1:27:43]}
6. Nc3 {[%clk 1:29:04]} Bxc3 {[%clk 1:27:22]} 7. Bxc3 {[%clk 1:29:26]} d5
{[%clk 1:27:45]} 8. Bg2 {[%clk 1:28:01]} O-O {[%clk 1:26:50]} 9. O-O
{[%clk 1:25:37]} b6 {[%clk 1:07:15]} 10. Rc1 {[%clk 1:21:11]} Bb7
{[%clk 1:07:32]} 11. Bd2 {[%clk 1:13:12]} Rfd8 {[%clk 1:01:11]} 12. Bf4
{[%clk 1:09:27]} Rac8 {[%clk 1:00:09]} 13. cxd5 {[%clk 1:03:18]} Nxd5
{[%clk 0:52:40]} 14. Bg5 {[%clk 0:58:48]} f6 {[%clk 0:53:00]} 15. Bd2
{[%clk 0:57:01]} Qd7 {[%clk 0:43:04]} 16. Qb3 {[%clk 0:38:59]} f5
{[%clk 0:28:45]} 17. Rfd1 {[%clk 0:36:45]} Ba8 {[%clk 0:27:00]} 18. Rc2
{[%clk 0:32:04]} Re8 {[%clk 0:25:27]} 19. Rdc1 {[%clk 0:29:39]} Nd8
{[%clk 0:15:58]} 20. Ne5 {[%clk 0:27:57]} Qd6 {[%clk 0:15:44]} 21. Qa4
{[%clk 0:24:52]} Nf7 {[%clk 0:15:36]} 22. Nxf7 {[%clk 0:19:37]} Kxf7
{[%clk 0:16:04]} 23. Qxa7 {[%clk 0:19:00]} Kg8 {[%clk 0:16:32]} 24. Qa4
{[%clk 0:17:16]} Kh8 {[%clk 0:16:40]} 25. Rd1 {[%clk 0:14:17]} h6
{[%clk 0:15:26]} 26. Qb3 {[%clk 0:12:52]} Red8 {[%clk 0:14:37]} 27. Rcc1
{[%clk 0:12:12]} Rd7 {[%clk 0:14:00]} 28. Qc4 {[%clk 0:10:23]} Qe7
{[%clk 0:12:17]} 29. b4 {[%clk 0:10:00]} Bb7 {[%clk 0:11:17]} 30. a4
{[%clk 0:09:45]} Ra8 {[%clk 0:11:25]} 31. Qb3 {[%clk 0:09:05]} Qf6
{[%clk 0:10:09]} 32. Be1 {[%clk 0:07:50]} Qd8 {[%clk 0:09:45]} 33. a5
{[%clk 0:07:23]} Qe8 {[%clk 0:08:49]} 34. Ra1 {[%clk 0:07:12]} Re7
{[%clk 0:09:01]} 35. Rdc1 {[%clk 0:05:51]} Qd7 {[%clk 0:07:49]} 36. Rc2
{[%clk 0:03:44]} Qe8 {[%clk 0:07:15]} 37. Rca2 {[%clk 0:03:24]} Qb5
{[%clk 0:07:35]} 38. Qa4 {[%clk 0:01:30]} Qc4 {[%clk 0:07:27]} 39. b5
{[%clk 0:01:37]} Qxa4 {[%clk 0:07:26]} 40. Rxa4 {[%clk 0:32:03]} bxa5
{[%clk 0:37:45]} 41. Rxa5 {[%clk 0:31:36]} Ree8 {[%clk 0:37:44]} 42. Rxa8
{[%clk 0:28:08]} Rxa8 {[%clk 0:37:00]} 43. Rxa8+ {[%clk 0:21:31]} Bxa8
{[%clk 0:37:28]} 44. Ba5 {[%clk 0:21:19]} c6 {[%clk 0:35:54]} 45. b6
{[%clk 0:20:20]} Kg8 {[%clk 0:35:35]} 46. Kf1 {[%clk 0:15:52]} Kf7
{[%clk 0:35:27]} 47. e3 {[%clk 0:15:38]} Ke7 {[%clk 0:35:01]} 48. Ke2
{[%clk 0:14:02]} Kd6 {[%clk 0:32:20]} 49. e4 {[%clk 0:09:02]} fxe4
{[%clk 0:29:13]} 50. Bxe4 {[%clk 0:09:31]} c5 {[%clk 0:25:40]} 51. Kd3
{[%clk 0:09:04]} Bb7 {[%clk 0:25:02]} 52. dxc5+ {[%clk 0:07:48]} Kxc5
{[%clk 0:25:30]} 53. Bg6 {[%clk 0:07:26]} Kb5 {[%clk 0:21:26]} 54. Bd2
{[%clk 0:06:19]} Kxb6 {[%clk 0:21:54]} 55. Kd4 {[%clk 0:05:35]} Ne7
{[%clk 0:19:52]} 56. Be4 {[%clk 0:04:36]} Bc8 {[%clk 0:13:33]} 57. Ke5
{[%clk 0:03:31]} Kc7 {[%clk 0:13:16]} 58. Bb4 {[%clk 0:03:09]} Kd7
{[%clk 0:12:56]} 59. f4 {[%clk 0:02:54]} Ke8 {[%clk 0:11:36]} 60. g4
{[%clk 0:02:47]} Kf7 {[%clk 0:11:18]} 61. h4 {[%clk 0:02:39]} 1/2-1/2

[Event "MPJ C18"]
[Site "?"]
[Date "2016.03.16"]
[Round "5.9"]
[White "Mockun, Dawid"]
[Black "Kanicki, Krzysztof"]
[Result "1/2-1/2"]
[LiveChessVersion "1.4.8"]
[BlackElo "2208"]
[WhiteElo "1933"]

1. d4 Nf6 2. Nf3 g6 3. c3 Bg7 4. e3 O-O 5. Bd3 d5 6. Nbd2 c5 7. O-O Nc6 8. dxc5
Nd7 9. Nb3 Na5 10. Nxa5 Qxa5 11. b4 Qc7 12. Bb2 b6 13. cxb6 Nxb6 14. e4 Rd8 15.
Qe2 Na4 16. Rac1 Nxb2 17. Qxb2 Bb7 18. Qc2 Qxc3 19. Qxc3 Bxc3 20. Rxc3 dxe4 21.
Be2 exf3 22. Bxf3 Bxf3 23. Rxf3 Rd2 24. a3 Rc8 25. g3 Kg7 26. Re1 e6 27. Rb1 Ra2
28. b5 Rcc2 29. b6 axb6 30. Rxb6 Rc7 31. Rb5 Ra7 32. Rbb3 h5 33. h4 e5 34. Rfe3
e4 35. Rxe4 R2xa3 36. Rxa3 Rxa3 37. Rf4 Rb3 38. Kg2 Ra3 39. Rb4 Rc3 40. Rd4 Ra3
41. Rb4 1/2-1/2

[Event "MPJ C18"]
[Site "?"]
[Date "2016.03.16"]
[Round "5.10"]
[White "Smieszek, Wojciech"]
[Black "Winiarski, Mikolaj"]
[Result "1/2-1/2"]
[LiveChessVersion "1.4.8"]
[BlackElo "2037"]
[WhiteElo "2182"]

1. e4 c6 2. d4 d5 3. Nc3 dxe4 4. Nxe4 Bf5 5. Ng3 Bg6 6. h4 h6 7. Nf3 Nd7 8. h5
Bh7 9. Bd3 Bxd3 10. Qxd3 e6 11. Bd2 Ngf6 12. Ne4 Nxe4 13. Qxe4 Nf6 14. Qe2 Qd5
15. c4 Qe4 16. Qxe4 Nxe4 17. Bc3 Be7 18. Nd2 Nf6 19. f3 O-O 20. O-O-O Rfd8 21.
Kc2 b5 22. b3 Rd7 23. Ne4 bxc4 24. bxc4 Ne8 25. Rb1 f5 26. Nd2 c5 27. dxc5 Bxc5
28. Rb5 Rc8 29. Rhb1 Bb6 30. Re5 Nd6 31. Rb4 Kf7 32. g4 Rdc7 33. gxf5 Nxf5 34.
Ne4 Ke7 35. Kb3 Bd4 36. Reb5 Bxc3 37. Kxc3 Ne3 38. Kd3 Nxc4 39. Rb7 Nb6 40. Rxc7+
Rxc7 41. Rb5 Rd7+ 42. Kc3 Rd5 43. Kb4 Rd4+ 44. Kc3 Rd5 45. Kb4 Rd3 46. Ra5 Rd7
47. Kb5 Kf7 48. Kc6 g6 49. hxg6+ Kxg6 50. Re5 Re7 51. Ng3 Kf6 52. Rh5 Kg6 53. Re5
Nd7 54. Rb5 Rf7 55. Kd6 Nb6 56. Kxe6 Rxf3 57. Nf5 Ra3 58. Rc5 Rxa2 59. Nh4+ Kg7
60. Rc7+ Kg8 61. Kf5 Rf2+ 62. Kg6 Rf6+ 63. Kh5 a5 64. Ra7 a4 65. Ng6 Rf7 66. Ra6
Nd5 67. Rxa4 Kg7 68. Nf4 Nxf4+ 69. Rxf4 1/2-1/2

[Event "MPJ C18"]
[Site "?"]
[Date "2016.03.16"]
[Round "5.11"]
[White "Molenda, Marcin"]
[Black "Lizak, Jakub"]
[Result "1-0"]
[LiveChessVersion "1.4.8"]
[BlackElo "2176"]
[WhiteElo "2142"]

1. e4 e5 2. Nf3 Nc6 3. Bb5 a6 4. Ba4 Nf6 5. Qe2 b5 6. Bb3 Bc5 7. c3 d6 8. h3 Bb6
9. d3 Be6 10. Nbd2 Ne7 11. d4 Bxb3 12. Nxb3 exd4 13. cxd4 Ng6 14. O-O O-O 15. a4
bxa4 16. Nbd2 Qd7 17. Qc4 Rfe8 18. Qc2 Re7 19. Rxa4 Rae8 20. d5 Qb5 21. Rc4 h6
22. b3 Nd7 23. Nd4 Bxd4 24. Rxd4 Qb6 25. Rc4 Nde5 26. Ra4 Rb8 27. Bb2 c5 28. Bc3
Reb7 29. Rfa1 Ra7 30. Ra5 f6 31. R1a3 Rba8 32. Kh2 h5 33. Nf1 Nf4 34. Ne3 Qb8 35.
Qd1 Qc8 36. Nf5 Qd7 37. Qd2 Nfg6 38. Qa2 Nf7 39. Rxa6 Rxa6 40. Rxa6 Rxa6 41. Qxa6
Ne7 42. Qa4 Qd8 43. Ba5 Qf8 44. Ng3 h4 45. Ne2 Ng6 46. b4 cxb4 47. Qxb4 Qe7 48.
Qd4 Qb7 49. Bc3 Qb5 50. Qe3 Qe8 51. Kh1 Qb8 52. Nd4 Qa7 53. Nf5 Qc7 54. f3 Qc4
55. Kh2 Qf1 56. Be1 Nf4 57. Qxf4 Qxe1 58. Qxh4 1-0

[Event "MPJ C18"]
[Site "?"]
[Date "2016.03.16"]
[Round "5.12"]
[White "Buraczewski, Rafal"]
[Black "Zarnowski, Krzysztof"]
[Result "1/2-1/2"]
[LiveChessVersion "1.4.8"]
[BlackElo "1940"]
[WhiteElo "1973"]

1. d4 {[%clk 1:30:58]} d5 {[%clk 1:30:44]} 2. Nf3 {[%clk 1:31:04]} Nf6
{[%clk 1:31:01]} 3. e3 {[%clk 1:31:22]} e6 {[%clk 1:29:24]} 4. c4
{[%clk 1:31:46]} c6 {[%clk 1:28:54]} 5. Nc3 {[%clk 1:31:31]} Be7 {[%clk 1:28:53]}
6. Bd3 {[%clk 1:31:41]} Nbd7 {[%clk 1:28:55]} 7. O-O {[%clk 1:31:57]} O-O
{[%clk 1:29:01]} 8. e4 {[%clk 1:27:17]} dxe4 {[%clk 1:28:21]} 9. Nxe4
{[%clk 1:27:42]} b6 {[%clk 1:22:09]} 10. Bf4 {[%clk 1:16:40]} Nxe4
{[%clk 1:19:57]} 11. Bxe4 {[%clk 1:16:43]} Bb7 {[%clk 1:20:09]} 12. Ne5
{[%clk 1:14:01]} Nxe5 {[%clk 1:18:17]} 13. dxe5 {[%clk 1:04:45]} Qxd1
{[%clk 1:05:27]} 14. Rfxd1 {[%clk 1:04:59]} Rad8 {[%clk 1:05:24]} 15. Be3
{[%clk 0:45:07]} f5 {[%clk 1:01:34]} 16. Bf3 {[%clk 0:44:32]} Ba6
{[%clk 0:52:42]} 17. b3 {[%clk 0:39:30]} c5 {[%clk 0:52:36]} 18. Bc6
{[%clk 0:38:01]} Rxd1+ {[%clk 0:52:14]} 19. Rxd1 {[%clk 0:38:06]} Rd8
{[%clk 0:52:22]} 20. Rxd8+ {[%clk 0:36:40]} Bxd8 {[%clk 0:52:45]} 21. Kf1
{[%clk 0:36:53]} Bc7 {[%clk 0:44:11]} 22. f4 {[%clk 0:35:50]} Kf7
{[%clk 0:42:43]} 23. Bf2 {[%clk 0:33:20]} g5 {[%clk 0:40:06]} 24. Bg3
{[%clk 0:33:34]} Bd8 {[%clk 0:39:13]} 25. Ke2 {[%clk 0:32:37]} h6
{[%clk 0:37:00]} 26. Ke3 {[%clk 0:29:58]} Bc8 {[%clk 0:36:45]} 27. h4
{[%clk 0:24:07]} gxh4 {[%clk 0:35:12]} 28. Be1 {[%clk 0:23:58]} Be7
{[%clk 0:33:17]} 29. Ke2 {[%clk 0:23:17]} a6 {[%clk 0:26:54]} 30. Kf1
{[%clk 0:19:09]} Bd8 {[%clk 0:19:15]} 31. Kg1 {[%clk 0:18:02]} h3
{[%clk 0:18:46]} 32. gxh3 {[%clk 0:17:57]} Be7 {[%clk 0:17:07]} 33. Bf2
{[%clk 0:17:52]} Bd8 {[%clk 0:16:18]} 34. Kf1 {[%clk 0:18:08]} Be7
{[%clk 0:16:36]} 35. Ke2 {[%clk 0:18:34]} a5 {[%clk 0:16:03]} 36. Kd3
{[%clk 0:18:43]} Ba6 {[%clk 0:16:04]} 37. a3 {[%clk 0:18:30]} Bd8
{[%clk 0:15:44]} 38. Kc3 {[%clk 0:18:15]} Be7 {[%clk 0:16:04]} 39. Be1
{[%clk 0:17:01]} Kf8 {[%clk 0:15:42]} 40. Kc2 {[%clk 0:15:11]} Kf7
{[%clk 0:15:58]} 41. Kb2 {[%clk 0:13:58]} Kf8 {[%clk 0:44:10]} 1/2-1/2

[Event "MPJ C18"]
[Site "?"]
[Date "2016.03.16"]
[Round "5.13"]
[White "Fukowski, Pawel"]
[Black "Kaminski, Piotr"]
[Result "1-0"]
[LiveChessVersion "1.4.8"]
[BlackElo "1920"]
[WhiteElo "1966"]

1. d4 {[%clk 1:30:55]} e6 {[%clk 1:30:01]} 2. Nf3 {[%clk 1:31:05]} f5
{[%clk 1:30:20]} 3. c4 {[%clk 1:31:28]} Nf6 {[%clk 1:30:45]} 4. Nc3
{[%clk 1:31:56]} d5 {[%clk 1:30:56]} 5. Bf4 {[%clk 1:32:18]} Bd6 {[%clk 1:30:31]}
6. e3 {[%clk 1:32:34]} c6 {[%clk 1:30:52]} 7. Bd3 {[%clk 1:31:50]} O-O
{[%clk 1:31:15]} 8. Qc2 {[%clk 1:31:41]} Ne4 {[%clk 1:30:24]} 9. h4
{[%clk 1:29:09]} Qe7 {[%clk 1:18:19]} 10. c5 {[%clk 1:24:47]} Bxf4
{[%clk 1:14:16]} 11. exf4 {[%clk 1:24:28]} b6 {[%clk 1:12:10]} 12. b4
{[%clk 1:21:19]} a5 {[%clk 1:07:55]} 13. Na4 {[%clk 1:20:00]} b5 {[%clk 0:48:30]}
14. Nb6 {[%clk 1:20:07]} Ra6 {[%clk 0:41:39]} 15. O-O {[%clk 0:58:45]} Nd7
{[%clk 0:38:16]} 16. Nxc8 {[%clk 0:52:12]} Rxc8 {[%clk 0:38:38]} 17. a4
{[%clk 0:51:47]} axb4 {[%clk 0:30:46]} 18. axb5 {[%clk 0:51:09]} Rxa1
{[%clk 0:28:56]} 19. Rxa1 {[%clk 0:51:29]} cxb5 {[%clk 0:28:37]} 20. Ra7
{[%clk 0:47:35]} Qd8 {[%clk 0:24:21]} 21. Bxb5 {[%clk 0:45:36]} Nf8
{[%clk 0:06:53]} 22. Qa4 {[%clk 0:41:51]} Nc3 {[%clk 0:04:16]} 23. Qxb4
{[%clk 0:42:00]} Ne4 {[%clk 0:03:59]} 24. Ba4 {[%clk 0:32:02]} Rb8
{[%clk 0:02:57]} 25. Rb7 {[%clk 0:32:13]} Ra8 {[%clk 0:02:04]} 26. g3
{[%clk 0:28:08]} Qc8 {[%clk 0:01:53]} 27. c6 {[%clk 0:25:09]} Ra6
{[%clk 0:00:49]} 28. Qe7 {[%clk 0:23:16]} Ra8 1-0

[Event "MPJ C18"]
[Site "?"]
[Date "2016.03.16"]
[Round "5.14"]
[White "Czajkowski, Adam"]
[Black "Smal, Tobiasz"]
[Result "1/2-1/2"]
[LiveChessVersion "1.4.8"]
[BlackElo "2017"]
[WhiteElo "2110"]

1. e4 {[%clk 1:30:57]} c5 {[%clk 1:29:48]} 2. Nf3 {[%clk 1:31:22]} d6
{[%clk 1:30:13]} 3. d4 {[%clk 1:31:46]} cxd4 {[%clk 1:30:37]} 4. Nxd4
{[%clk 1:32:14]} Nf6 {[%clk 1:30:59]} 5. Nc3 {[%clk 1:32:40]} a6 {[%clk 1:31:24]}
6. h3 {[%clk 1:32:36]} e6 {[%clk 1:31:12]} 7. g4 {[%clk 1:32:34]} d5
{[%clk 1:31:26]} 8. exd5 {[%clk 1:32:26]} Nxd5 {[%clk 1:31:40]} 9. Nde2
{[%clk 1:32:39]} Be7 {[%clk 1:29:31]} 10. Nxd5 {[%clk 1:29:54]} exd5
{[%clk 1:29:39]} 11. Bg2 {[%clk 1:29:49]} h5 {[%clk 1:27:23]} 12. Qxd5
{[%clk 1:27:03]} Qxd5 {[%clk 1:25:26]} 13. Bxd5 {[%clk 1:26:52]} hxg4
{[%clk 1:24:41]} 14. hxg4 {[%clk 1:27:10]} Rxh1+ {[%clk 1:24:55]} 15. Bxh1
{[%clk 1:27:38]} Nc6 {[%clk 1:25:04]} 16. g5 {[%clk 1:16:16]} Bg4
{[%clk 1:22:40]} 17. Be3 {[%clk 1:11:29]} O-O-O {[%clk 1:22:08]} 18. Bxc6
{[%clk 1:03:50]} bxc6 {[%clk 1:22:11]} 19. Rd1 {[%clk 1:02:12]} Re8
{[%clk 1:20:08]} 20. Rd2 {[%clk 1:00:43]} Bd8 {[%clk 1:19:42]} 21. Rd4
{[%clk 0:40:45]} Bxe2 {[%clk 1:19:45]} 22. Kxe2 {[%clk 0:41:14]} Bxg5
{[%clk 1:19:57]} 23. f4 {[%clk 0:40:30]} Bf6 {[%clk 1:20:04]} 24. Ra4
{[%clk 0:38:10]} Kc7 {[%clk 1:08:35]} 25. Kd3 {[%clk 0:35:07]} Rd8+
{[%clk 1:08:08]} 26. Ke4 {[%clk 0:34:32]} Re8+ {[%clk 1:08:10]} 27. Kd3
{[%clk 0:34:15]} Rd8+ {[%clk 1:08:22]} 28. Ke4 {[%clk 0:32:59]} Re8+
{[%clk 1:08:45]} 29. Kd3 1/2-1/2

[Event "MPJ C18"]
[Site "?"]
[Date "2016.03.16"]
[Round "5.15"]
[White "Adamczewski, Maciej"]
[Black "Wacior, Maciej"]
[Result "0-1"]
[LiveChessVersion "1.4.8"]
[BlackElo "2090"]
[WhiteElo "1961"]

1. d4 {[%clk 1:28:51]} d5 {[%clk 1:30:57]} 2. Nf3 {[%clk 1:29:13]} c6
{[%clk 1:29:22]} 3. c4 {[%clk 1:29:30]} e6 {[%clk 1:29:50]} 4. Nc3
{[%clk 1:29:42]} Nf6 {[%clk 1:29:16]} 5. g3 {[%clk 1:29:38]} Nbd7
{[%clk 1:24:46]} 6. Bg2 {[%clk 1:29:39]} dxc4 {[%clk 1:21:26]} 7. O-O
{[%clk 1:29:43]} Nb6 {[%clk 1:18:07]} 8. e4 {[%clk 1:29:21]} c5 {[%clk 1:17:03]}
9. e5 {[%clk 1:28:17]} Nfd5 {[%clk 1:16:55]} 10. Ne4 {[%clk 1:28:11]} cxd4
{[%clk 1:16:31]} 11. Nxd4 {[%clk 1:28:25]} Bd7 {[%clk 1:16:05]} 12. Kh1
{[%clk 1:24:34]} Qc7 {[%clk 1:13:26]} 13. f4 {[%clk 1:23:22]} Be7
{[%clk 1:12:15]} 14. Qg4 {[%clk 1:17:23]} g6 {[%clk 1:10:52]} 15. Bd2
{[%clk 1:14:12]} Na4 {[%clk 1:04:25]} 16. Rab1 {[%clk 1:08:49]} Qb6
{[%clk 0:56:12]} 17. Nc2 {[%clk 1:04:44]} Nc5 {[%clk 0:56:09]} 18. Nd6+
{[%clk 1:01:14]} Bxd6 {[%clk 0:55:09]} 19. exd6 {[%clk 1:01:39]} Qxd6
{[%clk 0:39:17]} 20. f5 {[%clk 0:59:33]} Nf6 {[%clk 0:31:17]} 21. Qe2
{[%clk 0:50:11]} Nfe4 {[%clk 0:31:01]} 22. fxe6 {[%clk 0:47:02]} Bxe6
{[%clk 0:30:33]} 23. Bxe4 {[%clk 0:42:47]} Nxe4 {[%clk 0:30:56]} 24. Qxe4
{[%clk 0:42:54]} Qxd2 {[%clk 0:31:15]} 25. Rbd1 {[%clk 0:43:11]} Qa5
{[%clk 0:30:47]} 26. Ne3 {[%clk 0:35:21]} O-O {[%clk 0:28:43]} 27. Nxc4
{[%clk 0:35:21]} Qxa2 {[%clk 0:27:48]} 28. Nd6 {[%clk 0:34:20]} Qxb2
{[%clk 0:24:11]} 29. Qxb7 {[%clk 0:33:31]} Qxb7+ {[%clk 0:17:50]} 30. Nxb7
{[%clk 0:33:54]} Rfc8 {[%clk 0:17:43]} 31. Kg1 {[%clk 0:32:44]} a5
{[%clk 0:17:35]} 32. Rc1 {[%clk 0:32:06]} Rxc1 {[%clk 0:17:34]} 33. Rxc1
{[%clk 0:32:31]} a4 {[%clk 0:18:00]} 34. Ra1 {[%clk 0:32:36]} a3 {[%clk 0:18:27]}
35. Nc5 {[%clk 0:33:01]} Bc4 {[%clk 0:16:41]} 36. Kf2 {[%clk 0:32:43]} a2
{[%clk 0:16:57]} 37. Ne4 {[%clk 0:33:37]} Rb8 {[%clk 0:17:02]} 38. Nc3
{[%clk 0:33:53]} Rb3 {[%clk 0:17:17]} 39. Nxa2 {[%clk 0:33:25]} Rb2+
{[%clk 0:17:46]} 0-1

[Event "MPJ C18"]
[Site "?"]
[Date "2016.03.16"]
[Round "5.16"]
[White "Litner, Igor"]
[Black "Golda, Sebastian"]
[Result "0-1"]
[LiveChessVersion "1.4.8"]
[BlackElo "1941"]
[WhiteElo "1883"]

1. d4 Nf6 2. c4 g6 3. Nc3 Bg7 4. g3 O-O 5. Bg2 d6 6. e3 Nc6 7. Nge2 Bg4 8. O-O
Qc8 9. Re1 e5 10. b3 Re8 11. Bb2 exd4 12. exd4 Qf5 13. Qd2 Bf3 14. Nf4 Bxg2 15.
Nxg2 Ne4 16. Nxe4 Rxe4 17. Rxe4 Qxe4 18. Re1 Nxd4 19. Rxe4 Nf3+ 20. Kh1 Nxd2 21.
Re2 Bxb2 22. Rxd2 Bg7 23. Rd3 Bh6 24. f4 Re8 25. Ne3 Bg7 26. Kg2 Re4 27. Nd5 c6
28. Ne3 Rd4 29. Rxd4 Bxd4 30. Nc2 Bc3 31. Kf3 f5 32. g4 Kf7 33. gxf5 gxf5 34. h3
Ke6 35. Ke3 Bb2 36. Kd3 Bg7 37. Ke3 a5 38. Ne1 b5 39. cxb5 cxb5 40. Nf3 Bf6 41.
Kd3 Kd5 42. Ng1 Kc5 43. Ne2 Kb4 44. Kc2 Ka3 45. Kb1 Bg7 46. Ng3 Bh6 47. Nxf5 Bxf4
48. Nd4 Kb4 49. Nc6+ Kc3 50. a4 b4 51. Nxa5 d5 52. Nb7 d4 53. Nc5 d3 54. Ne4+
Kxb3 55. a5 d2 56. Nf2 Be3 57. Nd1 Bd4 58. a6 h6 59. h4 h5 0-1